رسائل احمد تیمور الأب انستاس ماري الكرملي
Saved in:
Main Author:
Other Authors:
Format: Book
Language: Undetermined
Published:
Baghdad
Matbaeat al-maearif
1947
Tags: Add Tag
No Tags, Be the first to tag this record!
Call Number: P33 TAYM
| LEADER | 00428nam a2200133Ia 4500 | ||
|---|---|---|---|
| 008 | 240404s9999||||xx |||||||||||||| ||und|| | ||
| 050 | 4 | |a P33 TAYM | |
| 100 | 1 | |a كوركيس عواد. | |
| 245 | 1 | 0 | |a رسائل احمد تیمور الأب انستاس ماري الكرملي |c كوركيس عواد |
| 264 | 1 | |a Baghdad |b Matbaeat al-maearif |c 1947 | |
| 300 | |a 161 |c 23 | ||
| 700 | 1 | |a ميخائيل عواد. | |
| 942 | |2 lcc |c BK | ||
| 999 | |c 58104 |d 58104 | ||
